000 00588ntaaa2200193 4500
003 01
005 20251027202153.0
008 0714s1973 ag 01
040 _aAR-BaBN
_bspa
_cAR-BaBN
_eaacr
_dRIC
082 _a266.7300 In5
100 _aInlow, Eva R.
_920238
245 _aAdventuring with God
250 _a1 ed.
260 _aAtlanta, Georgia :
_bHome Mission Board of the Southern Baptist Convention,
_cc1952
300 _a112 p
500 _aMission study book for young people on Spanish speaking people in the United States
650 _amisiones-Estados Unidos
942 _cBK
999 _c16684
_d16684